[Event "Corund Ceramica op 2nd"]
[Site "Corund"]
[Date "2016.09.18"]
[Round "7"]
[White "Panush, Viktor"]
[Black "Demeter, Jozsef"]
[Result "1/2-1/2"]
[WhiteElo "2028"]
[BlackElo "2118"]
[PlyCount "78"]
[EventDate "2016.09.14"]
[EventType "swiss"]
[EventRounds "7"]
[EventCountry "ROU"]
[SourceTitle "CBM 174 Extra"]
[Source "ChessBase"]
[SourceDate "2016.10.10"]
[SourceVersion "1"]
[SourceVersionDate "2016.10.10"]
[SourceQuality "1"]

1. d4 d5 2. Nf3 e6 3. c4 c6 4. Nc3 f5 5. g3 Nf6 6. Bg2 Bd6 7. 0-0 0-0 8. Qc2 Nbd7 9. cxd5 Nxd5 10. e4 fxe4 11. Nxe4 N7f6 12. Nxd6 Qxd6 13. Re1 Bd7 14. Bd2 Be8 15. Qb3 b6 16. Rac1 Rc8 17. Bh3 Bf7 18. Ne5 Rfe8 19. Qa4 c5 20. Qxa7 Re7 21. Qa6 Rcc7 22. dxc5 Rxc5 23. Rxc5 Qxc5 24. a3 Qd4 25. Qc8+ Re8 26. Qc2 Bh5 27. Nc6 Qc5 28. Qxc5 bxc5 29. Rxe6 Ne4 30. Rxe8+ Bxe8 31. Be6+ Bf7 32. Bxf7+ Kxf7 33. Be1 Ke6 34. f3 Ng5 35. Kf2 Kd6 36. Na5 Nb6 37. Ke2 Kd5 38. Bf2 Na4 39. b3 Nc3+ 1/2-1/2